01495nam a2200349Ia 4500001001200000003000800012006001900020007001500039008004100054020002700095020002200122020002200144020003000166020002500196020002500221040002100246035002100267050002800288245013400316260010500450300001900555504005100574533015200625650004300777650004700820650005700867655002900924700003000953710001700983856012601000999001901126ebr10359438CaPaEBRm u cr cn|||||||||090812s2009 enka sb 001 0 eng d z1848133006 (hardcover) z1848133014 (pbk.) z1848133022 (ebk.) z9781848133006 (hardcover) z9781848133013 (pbk.) z9781848133020 (ebk.) aCaPaEBRcCaPaEBR a(OCoLC)64784426114aD842.42.M87bM87 2009eb00aMuslim spaces of hopeh[electronic resource] :bgeographies of possibility in Britain and the West /cedited by Richard Phillips. aLondon ;aNew York :bZed Books :bDistributed in the USA exclusively by Palgrave Macmillan,cc2009. a271 p. :bill. aIncludes bibliographical references and index. aElectronic reproduction.bPalo Alto, Calif. :cebrary,d2010.nAvailable via World Wide Web.nAccess may be limited to ebrary affiliated libraries. 0aIslam and politicszWestern countries. 0aIslamic fundamentalismzWestern countries. 0aMuslimszWestern countriesxPolitics and government. 7aElectronic books.2local1 aPhillips, Richard,d1965-2 aebrary, Inc.40uhttp://site.ebrary.com/lib/rucke/Doc?id=10359438zAn electronic book accessible through the World Wide Web; click to view c104799d104799